[Event "World Team-ch Women 2019"]
[Site "Astana"]
[Date "2019.03.12"]
[Round "7.1"]
[White "Tan, Zhongyi"]
[Black "Wafa, Shrook"]
[Result "1-0"]
[WhiteElo "2513"]
[BlackElo "2166"]
[Annotator "TA"]
[PlyCount "81"]
[EventDate "2019.02.05"]
[EventType "team-tourn"]
[EventCountry "KAZ"]
[SourceTitle "playchess.com"]
[Source "ChessBase"]
[SourceQuality "1"]
[WhiteTeam "China"]
[BlackTeam "Egypt"]
[WhiteTeamCountry "CHN"]
[BlackTeamCountry "EGY"]

{[%evp 9,81,16,12,7,39,53,37,32,37,32,94,65,115,127,140,85,243,243,235,206,237,179,172,127,123,122,148,145,160,152,205,198,243,229,317,310,596,600,606,603,600,506,602,592,610,608,595,608,608,600,607,607,584,577,617,601,634,597,979,979,29969,29971,29968,29970,29966,29964,6187,6123,29976,29977,29979,29980,29986,29987]} 1. Nf3 Nf6 2. c4 e6 3. Nc3 Be7 4. e4 (4. d4 O-O 5. e4 d5 6. e5 Ne4 7. Bd3 Nxc3 8. bxc3 dxc4 9. Bxc4 b6 10. Bd3 Bb7 11. h4 h6 12. Rh3 {0-1 (20) Berczes,D (2475)-Ilincic,Z (2540) Budapest 2005}) 4... d5 5. cxd5 exd5 6. e5 {A17: English Opening: 1...Nf6 with ...Bb4} Nfd7 7. d4 Nb6 8. Bd3 {White is slightly better.} Bg4 9. Be3 N8d7 ({Better is} 9... Nc6 $14) 10. O-O $146 ({Predecessor:} 10. h3 Bh5 11. g4 Bg6 12. Bxg6 hxg6 13. e6 fxe6 14. Qd3 O-O {1-0 (30) Eremeev,D (2300)-Shapovalov,A Alushta 1998}) 10... c5 11. h3 $36 {[%mdl 2048] White is in control.} Be6 12. Ne2 (12. a4 $142) 12... cxd4 $2 {[#]} (12... c4 $16) 13. Nexd4 $18 Nc5 14. Nxe6 fxe6 15. Bxc5 Bxc5 16. Qc2 Rc8 17. Bxh7 Kd7 18. Bd3 Rc7 19. Rac1 a6 (19... Kc8 $16 20. Qd2 Qf8) 20. Qd2 {And now Qa5 would win.} Qf8 21. Be2 Kc8 22. Ng5 Qe7 $2 {[#]} (22... Rh6 23. Bg4 Qg8) 23. Nxe6 $1 {[%mdl 512]} Nc4 (23... Qxe6 24. Bg4) 24. Qxd5 Ne3 25. Nxc7 ({Stronger than} 25. Rxc5 Nxd5 26. Rxd5 Rc2 $15) ({Not} 25. fxe3 Bxe3+ 26. Kh1 Rxc1 $14) 25... Nxd5 26. Nxd5 Qxe5 27. Rxc5+ Kb8 28. Bf3 Qxb2 29. a4 Rc8 30. Rxc8+ Kxc8 31. Re1 Kd8 32. Re6 Qa1+ 33. Kh2 Qxa4 34. Rd6+ Ke8 35. Bh5+ g6 36. Rxg6 Kf8 37. Rf6+ Kg7 38. Rf7+ Kh6 39. Nf4 {White mates.} Qd4 40. Bg6 Qd6 41. h4 {Accuracy: White = 78%, Black = 22%.} 1-0

[Event "World Team-ch Women 2019"]
[Site "Astana"]
[Date "2019.03.12"]
[Round "7.2"]
[White "Moaataz, Ayah"]
[Black "Shen, Yang"]
[Result "0-1"]
[WhiteElo "2036"]
[BlackElo "2453"]
[Annotator "TA"]
[PlyCount "118"]
[EventDate "2019.02.05"]
[EventType "team-tourn"]
[EventCountry "KAZ"]
[SourceTitle "playchess.com"]
[Source "ChessBase"]
[SourceQuality "1"]
[WhiteTeam "Egypt"]
[BlackTeam "China"]
[WhiteTeamCountry "EGY"]
[BlackTeamCountry "CHN"]

{[%evp 9,118,-31,-24,-52,-13,-55,-52,-59,-64,-57,-58,-59,-30,-43,-44,-50,-43,-117,-108,-128,-114,-123,-115,-127,-128,-117,-106,-114,-130,-134,-122,-118,-113,-248,-252,-218,-131,-120,-133,-136,-146,-189,-188,-173,-172,-238,-220,-317,-319,-303,-289,-416,-422,-324,-391,-423,-422,-419,-408,-408,-403,-483,-381,-381,-389,-389,-389,-402,-375,-366,-350,-568,-554,-532,-556,-546,-592,-742,-747,-723,-725,-817,-801,-866,-866,-884,-832,-967,-968,-889,-787,-831,-828,-828,-825,-741,-814,-1005,-986,-972,-964,-1145,-1047,-2064,-1814,-2692,-2652,-29980,-1519,-29981,-29978]} 1. c4 c6 2. g3 d5 3. Bg2 e5 4. cxd5 cxd5 5. d3 (5. d4 Bb4+ 6. Bd2 Bxd2+ 7. Qxd2 e4 8. Nc3 Nc6 9. Nh3 f5 10. O-O Nf6 11. Nf4 O-O 12. f3 Qd6 {1-0 (74) Pantsulaia,L (2597)-Hovhannisyan,R (2637) St Petersburg 2018}) 5... Nc6 6. Nc3 {A20: English Opening: 1...e5} Be6 7. Nf3 d4 8. Ne4 {[%cal Bc3e4,Be4d2,Bd2c4][%mdl 32] Black is slightly better.} f5 9. Ned2 Nh6 $146 ({Predecessor:} 9... Nf6 10. O-O Be7 11. Qa4 O-O {0-1 (32) Horsak,J (2020)-Hujo,J (2108) Slovakia 2008}) 10. O-O Be7 11. Qa4 {Strongly threatening Nxe5.} Nf7 $36 {[%mdl 2048] White is under pressure.} 12. Nc4 {And now Nfxe5 would win.} O-O 13. a3 ({White should try} 13. Bd2 $15) 13... Rb8 {Threatens to win with ...b5.} 14. Qc2 Rc8 15. a4 {[#]} e4 $1 {[%mdl 512]} 16. Nfd2 (16. dxe4 Nb4) 16... Nb4 17. Qb1 Bd5 18. b3 {[%cal Rd3e4]} exd3 19. exd3 Bxg2 20. Kxg2 Qd5+ 21. Kg1 {[#]} (21. f3 $17) 21... Ng5 $1 $19 {[%cal Rg5h3]} 22. f3 Rfe8 23. Ba3 Bf8 24. h4 Nf7 25. Rf2 {[#]} Re3 $1 {[%mdl 512]} 26. Bxb4 (26. Nxe3 dxe3) 26... Bxb4 27. Nf1 (27. Qf1 $142) 27... Rxf3 28. Qd1 (28. Raa2 {keeps fighting.}) 28... Rxf2 29. Kxf2 Re8 30. Nh2 (30. Nfd2 $142) 30... Be1+ 31. Qxe1 Rxe1 32. Rxe1 {[%cal Re1e8]} g5 33. Nf3 h6 34. Nfd2 Kf8 35. Rg1 Nd8 36. hxg5 hxg5 37. Nf3 Nf7 38. g4 b5 39. axb5 Qxb5 40. Nfd2 $2 (40. Ke2) 40... fxg4 41. Ke2 Nh6 42. Ne4 Qxb3 43. Nxg5 Qa2+ 44. Nd2 a5 45. Rb1 Qd5 46. Nge4 Qe5 47. Rh1 Kg7 48. Nc4 Qf4 {White must now prevent ...Qf3+.} 49. Rf1 Qc7 50. Ncd6 Qc2+ 51. Nd2 a4 {[%cal Ba5a4,Ba4a3,Ba3a2][%mdl 32]} 52. N6c4 Qc3 53. Rb1 Nf5 54. Rb7+ Kf8 55. Ne4 Qc2+ 56. Ncd2 a3 57. Rb5 Ne3 58. Rc5 Qd1+ 59. Kf2 a2 {Accuracy: White = 37%, Black = 86%.} 0-1

[Event "World Team-ch Women 2019"]
[Site "Astana"]
[Date "2019.03.12"]
[Round "7.3"]
[White "Huang, Qian"]
[Black "Elansary, Eman"]
[Result "1-0"]
[WhiteElo "2441"]
[BlackElo "1944"]
[Annotator "TA"]
[PlyCount "81"]
[EventDate "2019.02.05"]
[EventType "team-tourn"]
[EventCountry "KAZ"]
[SourceTitle "playchess.com"]
[Source "ChessBase"]
[SourceQuality "1"]
[WhiteTeam "China"]
[BlackTeam "Egypt"]
[WhiteTeamCountry "CHN"]
[BlackTeamCountry "EGY"]

{[%evp 18,81,22,14,42,4,50,43,88,54,64,54,72,54,70,72,77,74,95,95,94,97,97,87,109,109,125,118,150,110,117,117,116,124,131,135,133,135,136,136,131,129,160,124,145,145,160,160,160,160,235,218,277,289,556,566,554,541,571,565,941,915,880,812,1245,1233]} 1. d4 d5 2. Nf3 c6 3. c4 e6 4. Qc2 f5 5. g3 Nf6 6. Bg2 Bd6 7. O-O O-O 8. b3 Ne4 9. Bb2 Nd7 10. Nbd2 Qe8 {E01: Catalan: Early deviations} 11. e3 (11. Ne5 Qh5 12. e3 Qh6 13. a3 Ndf6 14. Rae1 Bd7 15. f3 Ng5 16. Nb1 Nf7 17. Qe2 Rae8 18. b4 {1-0 (55) Mekhitarian,K (2521)-Brito,L (2279) Agua Preta 2017}) 11... Ndf6 12. Ne5 Qh5 {White is slightly better.} 13. f3 Ng5 14. a4 $146 ({Predecessor:} 14. Rae1 Bd7 15. a3 Qh6 16. Qd3 Nh3+ 17. Kh1 g5 18. Qe2 {1-0 (36) Khanukov,B (2379)-Meier,T (2098) Cologne 2009}) 14... Nf7 15. Rfe1 Bd7 16. Ba3 Bxa3 17. Rxa3 Nd6 18. b4 Rfc8 19. c5 Nf7 20. Qb2 Be8 21. Nd3 Nh8 22. b5 Qf7 23. bxc6 Bxc6 24. a5 a6 25. Ne5 Qe8 26. Rb3 Nf7 27. Nxc6 bxc6 28. f4 Rcb8 29. Rb1 Rb5 30. Qc3 Qd8 31. Bf1 Ne4 32. Nxe4 fxe4 33. Bxb5 axb5 (33... cxb5 $16 34. Kg2 Qc7) 34. a6 $18 Rxa6 35. Ra3 Ra8 $2 {[#]} (35... Rxa3 {was called for.} 36. Qxa3 Qc8) 36. Rxa8 {White is clearly winning.} Qxa8 37. Ra1 Qb7 38. Qa5 Kf8 39. Qb6 Qc8 40. Ra7 Nd8 41. Qa5 {Accuracy: White = 70%, Black = 29%.} 1-0

[Event "World Team-ch Women 2019"]
[Site "Astana"]
[Date "2019.03.12"]
[Round "7.4"]
[White "Ehab, Tasneem"]
[Black "Ding, Yixin"]
[Result "0-1"]
[WhiteElo "1841"]
[BlackElo "2432"]
[Annotator "TA"]
[PlyCount "96"]
[EventDate "2019.02.05"]
[EventType "team-tourn"]
[EventCountry "KAZ"]
[SourceTitle "playchess.com"]
[Source "ChessBase"]
[SourceQuality "1"]
[WhiteTeam "Egypt"]
[BlackTeam "China"]
[WhiteTeamCountry "EGY"]
[BlackTeamCountry "CHN"]

{[%evp 9,96,-5,13,16,41,-11,-14,-35,-38,-53,-45,-69,-49,-70,-60,-47,-60,-43,-41,-75,-70,-132,-139,-125,-136,-129,-124,-127,-136,-135,-123,-127,-98,-90,-99,-192,-193,-181,-194,-264,-245,-261,-89,-225,-214,-250,-111,-100,-108,-111,-106,-98,-95,-575,-564,-570,-570,-565,-564,-526,-539,-603,-598,-677,-572,-649,-616,-812,-807,-796,-763,-721,-701,-701,-706,-700,-706,-704,-707,-705,-699,-702,-702,-662,-662,-879,-881,-941,-928]} 1. d4 Nf6 2. Bf4 d5 3. e3 c5 4. c3 Nc6 5. Nd2 Qb6 6. Qb3 {D00: 1 d4 d5: Unusual lines} c4 (6... Nh5 7. Qxb6 axb6 8. Bc7 cxd4 9. exd4 e5 10. Bxe5 Nxe5 11. dxe5 Bc5 12. g3 O-O {1-0 (76) Aronian,L (2765)-Caruana,F (2832) London 2018}) 7. Qxb6 ({Better is} 7. Qc2 $1 $14) 7... axb6 $11 8. e4 {The position is equal.} b5 9. exd5 Nxd5 10. Bg3 g6 $146 ({Predecessor:} 10... Bf5 11. Be2 b4 12. Bxc4 e6 {½-½ (58) Goosen,A (2053)-Makoto,R (2403) Johannesburg 2015}) 11. Ngf3 Bg7 12. Be2 O-O 13. O-O Nb6 14. Rfc1 Na4 15. b3 (15. d5 $15 Nd8 16. Be5) 15... Nxc3 $1 $17 {[%mdl 64] Remove Defender} 16. Rxc3 Nxd4 17. Nxd4 Bxd4 18. Rcc1 Bxa1 19. Rxa1 Rd8 $36 {[%mdl 2048] White is under strong pressure.} 20. Bf4 c3 21. Ne4 c2 22. f3 {[#]} (22. Be3 $17 {keeps fighting.}) 22... Be6 $1 $19 {[%cal Re6b3] And now ...Bxb3! would win.} 23. Nc5 {[#]} Bd5 $1 24. Rc1 (24. Kf2 $142) 24... Rxa2 25. Bxb5 Rb2 $2 (25... b6 $19 {has better winning chances.} 26. Bc7 Rda8) 26. Bd3 (26. Kf2 $17) 26... Bxb3 {White must now prevent ...b6.} 27. Be2 Bd5 (27... Rc8 $19 {is more deadly.} 28. Nd3 Rb1) 28. Kf2 $17 Rc8 29. Be3 Ba2 30. Bd4 Rb4 31. Ke3 $2 {[%mdl 8192] [#]} (31. Be3 $17 {was the crucial defense.}) 31... e5 $1 $19 {Black is clearly winning.} 32. Bc3 (32. Bxe5 Rxc5) 32... Rb1 33. Rxc2 Rxc5 34. Rxa2 Rxc3+ {[%mdl 4096] Endgame KRR-KRB} 35. Ke4 Rc5 36. g4 Rb4+ 37. Kd3 f5 38. g5 f4 {[%csl Ge5][%cal Rb4d4]} 39. Kd2 Rd4+ 40. Ke1 e4 41. fxe4 Rxe4 {Threatens to win with ...f3.} 42. Kf2 Rxg5 43. Rb2 Re7 44. Kf3 Rge5 45. Bd1 Rf5 46. Rb4 Kg7 47. Bc2 Rh5 48. Be4 Rxh2 {Accuracy: White = 38%, Black = 61%.} 0-1

[Event "World Team-ch Women 2019"]
[Site "Astana"]
[Date "2019.03.12"]
[Round "7.5"]
[White "Muzychuk, Mariya"]
[Black "Lagno, Kateryna"]
[Result "1-0"]
[WhiteElo "2560"]
[BlackElo "2559"]
[Annotator "TA"]
[PlyCount "91"]
[EventDate "2019.02.05"]
[EventType "team-tourn"]
[EventCountry "KAZ"]
[SourceTitle "playchess.com"]
[Source "ChessBase"]
[SourceQuality "1"]
[WhiteTeam "Ukraine"]
[BlackTeam "Russia"]
[WhiteTeamCountry "UKR"]
[BlackTeamCountry "RUS"]

{[%evp 27,91,-10,-10,-12,-11,-12,0,0,0,0,0,0,4,9,4,11,0,0,0,-14,-14,-35,390,391,367,283,275,271,279,262,300,313,372,381,364,366,377,372,402,411,424,395,410,417,416,391,421,403,481,470,813,480,583,560,687,560,1150,1090,900,865,864,852,1915,1843,4133,4132]} 1. e4 e5 2. Nf3 Nc6 3. Bb5 Nf6 4. O-O Nxe4 5. Re1 Nd6 6. Nxe5 Be7 7. Bf1 Nxe5 8. Rxe5 O-O 9. d4 Bf6 10. Re1 Re8 {C67: Ruy Lopez: Berlin Defence: 4 0-0 Nxe4} 11. Bf4 Rxe1 12. Qxe1 Ne8 13. Nc3 Bxd4 14. Nd5 d6 {LiveBook: 12 Games} 15. Bg5 f6 16. Bh4 Bxb2 17. Rb1 Be5 {And now ...c6 would win.} 18. f4 $1 {[%cal Rf4e5] [#]} c6 $146 19. fxe5 cxd5 20. exf6 Nxf6 21. Bd3 $36 {[%mdl 2048] White is pushing.} Bd7 $1 22. Qg3 Bc6 23. Bf5 Kh8 24. Qh3 {Bxf6 is the strong threat.} Qe7 $2 {[%mdl 8192] [#]} (24... Qc7 $15 {keeps the upper hand.}) 25. Bxh7 $1 $18 {[%mdl 512] Threatens to win with Bf5.} d4 (25... Nxh7 26. Bxe7) 26. Re1 Qxe1+ 27. Bxe1 Nxh7 28. Bf2 Re8 29. Bxd4 Kg8 30. Qg3 {[%csl Gd4][%cal Rg3g7]} Re7 31. h4 {[%cal Bh2h4,Bh4h5][%mdl 32]} Nf8 32. h5 Ne6 33. Qxd6 Kf7 {Hoping for ...Rd7.} 34. Qg3 Nxd4 35. Qf4+ Kg8 36. Qxd4 {[%mdl 4096] Endgame KQ-KRB} Re4 37. Qd8+ Kf7 38. Qg5 {White is clearly winning.} Re2 (38... Re1+ $142 39. Kf2 Rh1) 39. g4 {[%cal Bg2g4,Bg4g5,Bg5g6][%mdl 32]} Re6 40. Qf4+ Kg8 41. g5 a6 42. Qc4 Kf7 43. g6+ Ke7 44. Qc5+ Ke8 45. Qf5 Kd7 {[#]} 46. h6 $1 {Precision: White = 83%, Black = 37%.} 1-0

[Event "World Team-ch Women 2019"]
[Site "Astana"]
[Date "2019.03.12"]
[Round "7.6"]
[White "Kosteniuk, Alexandra"]
[Black "Muzychuk, Anna"]
[Result "1-0"]
[WhiteElo "2545"]
[BlackElo "2555"]
[Annotator "TA"]
[PlyCount "89"]
[EventDate "2019.02.05"]
[EventType "team-tourn"]
[EventCountry "KAZ"]
[SourceTitle "playchess.com"]
[Source "ChessBase"]
[SourceQuality "1"]
[WhiteTeam "Russia"]
[BlackTeam "Ukraine"]
[WhiteTeamCountry "RUS"]
[BlackTeamCountry "UKR"]

{[%evp 17,89,7,10,0,3,0,13,0,7,0,8,0,0,0,0,7,0,13,15,23,19,10,28,29,28,17,18,18,19,20,15,0,28,18,41,30,52,6,20,18,20,8,18,12,16,9,30,0,178,179,172,171,211,225,216,171,177,71,302,295,272,256,248,239,330,337,445,442,507,465,472,466,700,718]} 1. e4 e5 2. Nf3 Nc6 3. Bc4 Bc5 4. c3 Nf6 5. d4 exd4 6. e5 d5 7. Bb5 Ne4 8. cxd4 Bb6 9. Nc3 O-O 10. Be3 {C54: Giuoco Piano: 4 c3 Nf6, main lines with 5 d4 and 5 d3} Bg4 11. h3 Bh5 12. Qc2 {The position is equal.} Bg6 13. Qb3 Ne7 14. O-O c6 {Strongly threatening ...Nxc3.} 15. Bd3 Nd2 16. Nxd2 {And now Bxg6 would win.} Bxd3 17. Rfe1 Bg6 {[#]} 18. Nf3 $146 Nf5 19. Na4 Rb8 (19... Nxe3 {looks sharper.} 20. Rxe3 Be4 21. Rd1 Re8 22. Qb4 h6) 20. Nxb6 Nxe3 21. Rxe3 {Hoping for Na4.} axb6 22. a4 Ra8 23. Rae1 Bf5 24. Nd2 Re8 25. Nf1 c5 26. Qd1 Qd7 27. Ra3 c4 28. Ne3 Bd3 29. Qf3 Red8 30. Qg3 Kh8 (30... b5 {seems wilder.} 31. Ng4 Kh8 32. e6 fxe6 33. Ne5 Qe8) 31. Qh4 Re8 32. f4 Rxa4 $2 (32... b5 $11 {and Black stays safe.}) 33. Rxa4 $18 Qxa4 34. f5 Qc6 {[#]} 35. f6 $1 Rg8 ({Of course not} 35... gxf6 $6 36. Ng4) 36. fxg7+ Rxg7 37. Ra1 (37. Ng4 $18 {and White stays clearly on top.} Be4 38. Rf1) 37... Rg8 $2 {[#]} (37... Be4 $16 {was worth a try.}) 38. Nxd5 $1 {[%mdl 512]} h6 (38... Qxd5 39. Qf6+) 39. Qf6+ Qxf6 40. Nxf6 {KRB-KRN} Rc8 41. Ra7 Kg7 42. Rxb7 {White is clearly winning.} b5 43. d5 Kg6 44. d6 Kf5 (44... h5 $142 45. Kf2 Bf5 46. Rxb5 Ra8) 45. Re7 {Accuracy: White = 67%, Black = 52%.} 1-0

[Event "World Team-ch Women 2019"]
[Site "Astana"]
[Date "2019.03.12"]
[Round "7.7"]
[White "Ushenina, Anna"]
[Black "Goryachkina, Aleksandra"]
[Result "1/2-1/2"]
[WhiteElo "2443"]
[BlackElo "2504"]
[Annotator "TA"]
[PlyCount "82"]
[EventDate "2019.02.05"]
[EventType "team-tourn"]
[EventCountry "KAZ"]
[SourceTitle "playchess.com"]
[Source "ChessBase"]
[SourceQuality "1"]
[WhiteTeam "Ukraine"]
[BlackTeam "Russia"]
[WhiteTeamCountry "UKR"]
[BlackTeamCountry "RUS"]

{[%evp 10,82,17,0,7,2,7,5,8,2,8,8,19,12,14,8,15,26,47,46,62,47,73,0,0,-1,43,17,10,16,15,14,7,0,0,0,0,0,23,14,22,8,31,0,0,0,0,0,22,0,0,0,0,0,0,-4,-8,-11,0,0,8,0,0,0,0,0,0,0,0,0,0,0,0,0,0]} 1. d4 d5 2. c4 c6 3. Nf3 Nf6 4. Qc2 dxc4 5. Qxc4 Bg4 6. Nbd2 Nbd7 {D23: Queen's Gambit Accepted: 3 Nf3 Nf6 sidelines} 7. g3 e6 8. Bg2 Be7 9. O-O O-O 10. Qb3 Qb6 11. Nc4 Qa6 12. Bd2 Rfd8 $146 ({Predecessor:} 12... Nb6 13. Rfc1 Nxc4 14. Qxc4 Qxc4 15. Rxc4 {1-0 (44) Mamedyarov,S (2817)-Hovhannisyan,R (2637) St Petersburg 2018}) 13. Rfc1 Bf5 14. Bb4 c5 15. dxc5 $1 Nxc5 {[#]} 16. Bxc5 (16. Qa3 $1 $16 Qxa3 17. Bxa3) 16... Bxc5 $11 17. Ng5 Rab8 {[#]} 18. Nxf7 $1 {[%mdl 512]} Bxf2+ (18... Kxf7 19. Ne5+) 19. Kxf2 Kxf7 20. Bf3 Kg8 21. Kg2 Rd4 22. a4 Be4 {Hoping for ...Bd5.} 23. Qb5 Rd5 24. Qxa6 bxa6 25. Ra3 Rc5 26. Re3 Bd5 {The position is equal.} 27. b3 Ng4 28. Rd3 h5 29. Rcd1 {[%cal Rf3d5]} Bxc4 30. bxc4 Rxc4 31. h3 Ne5 32. Rd6 Nxf3 33. Kxf3 {[%mdl 4096] Endgame KRR-KRR} Rb6 (33... Rf8+ {seems wilder.} 34. Ke3 Rxa4 35. Rxe6 Rf7 36. Rd5 h4) 34. a5 Rbc6 35. Rxc6 Rxc6 {KR-KR} 36. Rd8+ Kh7 37. Rd7 Rc5 38. Rd6 Rf5+ 39. Kg2 Rxa5 40. Rxe6 Ra3 41. Re7 a5 {Accuracy: White = 72%, Black = 59%.} 1/2-1/2

[Event "World Team-ch Women 2019"]
[Site "Astana"]
[Date "2019.03.12"]
[Round "7.8"]
[White "Girya, Olga"]
[Black "Gaponenko, Inna"]
[Result "1/2-1/2"]
[WhiteElo "2456"]
[BlackElo "2427"]
[Annotator "TA"]
[PlyCount "103"]
[EventDate "2019.02.05"]
[EventType "team-tourn"]
[EventCountry "KAZ"]
[SourceTitle "playchess.com"]
[Source "ChessBase"]
[SourceQuality "1"]
[WhiteTeam "Russia"]
[BlackTeam "Ukraine"]
[WhiteTeamCountry "RUS"]
[BlackTeamCountry "UKR"]

{[%evp 18,103,7,0,0,0,0,0,8,1,0,16,14,0,0,0,-19,-15,-10,-22,-18,-8,21,6,6,6,6,9,0,0,0,0,0,0,0,0,0,0,0,0,0,0,0,0,17,6,8,8,116,128,133,17,41,8,8,8,8,8,8,8,8,8,8,8,8,0,0,0,0,0,8,8,8,8,8,8,8,8,8,8,8,8,8,0,0,0,8,8]} 1. d4 d5 2. c4 dxc4 3. e3 Nf6 4. Bxc4 e6 5. Nf3 c5 6. O-O Nc6 7. Nc3 a6 8. Qe2 b5 9. Bb3 Bb7 10. Rd1 Be7 {D28: Queen's Gambit Accepted: Classical main line: 7 Qe2 with early ...Nc6} (10... Qc7 11. d5 exd5 12. e4 Bd6 13. e5 Nxe5 14. Nxe5 O-O 15. Nxd5 Bxd5 16. Bxd5 Rae8 17. f4 c4 18. Bf3 Nd7 {1-0 (48) Potkin,V (2597)-Van Foreest,J (2614) St Petersburg 2018}) 11. d5 exd5 12. Nxd5 Nxd5 13. Bxd5 Qb6 14. e4 O-O 15. Be3 Nb4 16. Bxb7 Qxb7 17. a3 Nc6 18. Rd5 Rad8 19. Rad1 $146 Rfe8 (19... c4 {seems wilder.} 20. Qd2 Rfe8 21. Bg5 Bxg5 22. Qxg5 Qc7) 20. Bxc5 Bxc5 21. Rxc5 Rxe4 $1 22. Rxd8+ Nxd8 23. Qc2 Re8 24. Rc8 Qd7 25. h4 $40 {[%mdl 128] White has some attack.} Ne6 26. Rxe8+ Qxe8 27. b4 h6 28. Qe4 Qc8 29. Ne5 Qc7 30. g3 a5 31. Qd5 axb4 32. axb4 g5 {[#]} (32... Qe7 $11 {remains equal.}) 33. h5 $1 $16 ({But not} 33. Qxb5 $6 gxh4 34. gxh4 Qc1+ 35. Kg2 Qf4 $14) 33... Qc3 34. Qe4 ({White should play} 34. Ng4 $16) 34... Kg7 35. Qf5 Nd8 {The position is equal.} 36. Ng4 Qe1+ 37. Kg2 Qe6 38. Ne3 Qxf5 $1 39. Nxf5+ $11 {[%mdl 4096] Endgame KN-KN} Kf6 $1 {[%cal Rf6f5]} 40. Nxh6 {aiming for Ng8+.} Nc6 41. Ng4+ Kg7 42. Ne3 Nxb4 43. Nf5+ Kf6 44. Nd6 {next Kf3 is good for White.} Nc6 45. Nxb5 {Threatens to win with Kf3.} g4 $1 46. f3 gxf3+ 47. Kxf3 {Strongly threatening Kf4.} Kg5 48. Nd6 Kxh5 49. Nxf7 Nd4+ (49... Kg6 $5 50. Nd6 $8 Kg5 $16) 50. Kf4 Ne2+ 51. Kf3 Nxg3 52. Kxg3 {Accuracy: White = 55%, Black = 72%.} 1/2-1/2

[Event "World Team-ch Women 2019"]
[Site "Astana"]
[Date "2019.03.12"]
[Round "7.9"]
[White "Khotenashvili, Bela"]
[Black "Abdumalik, Zhansaya"]
[Result "1-0"]
[WhiteElo "2474"]
[BlackElo "2469"]
[Annotator "TA"]
[PlyCount "79"]
[EventDate "2019.02.05"]
[EventType "team-tourn"]
[EventCountry "KAZ"]
[SourceTitle "playchess.com"]
[Source "ChessBase"]
[SourceQuality "1"]
[WhiteTeam "Georgia"]
[BlackTeam "Kazakhstan"]
[WhiteTeamCountry "GEO"]
[BlackTeamCountry "KAZ"]

{[%evp 16,79,50,57,49,22,21,0,12,-16,-25,-18,16,0,0,0,52,0,102,97,179,165,164,173,166,175,236,238,304,306,300,282,288,286,244,127,229,166,257,227,547,537,558,547,577,578,765,800,783,780,862,847,29980,693,29986,987,1919,1856,3978,806,778,749,4810,4710,1788,1779]} 1. d4 Nf6 2. g3 g6 3. Bg2 c5 4. d5 (4. dxc5 Qa5+ 5. Nc3 Qxc5 6. e4 Bg7 7. Nge2 d6 8. h3 Nc6 9. Be3 Qa5 10. O-O O-O 11. Re1 {0-1 (34) Howell,D (2676)-McShane,L (2640) London 2017}) 4... Bg7 5. Nc3 d6 6. a4 {A45: Trompowsky Attack} O-O 7. e4 a6 8. Nge2 e6 9. dxe6 {LiveBook: 3 Games} fxe6 10. O-O Nc6 11. h3 Qc7 $146 ({Predecessor:} 11... Qe7 12. f4 Bd7 13. g4 Rad8 14. Ng3 Ne8 15. g5 {½-½ (51) Abramovic,B (2400)-Gilea,L (2279) Arad 2018}) 12. Be3 (12. Bf4 $5 {[%cal Rf4d6]} Nd4 13. Bg5 $11 (13. Nxd4 cxd4 14. Ne2 e5 $11)) 12... Rb8 13. Qd2 Rd8 14. Bh6 Bxh6 15. Qxh6 Nb4 (15... b5 $11) 16. Rac1 ({Better is} 16. Rad1 $14) 16... d5 (16... b6 $11) 17. Qg5 $16 Kg7 (17... Rf8 $16) 18. Nf4 $18 ({And not} 18. e5 Ng8 $11) 18... d4 19. e5 Ng8 20. Ne4 $36 {[%mdl 2048] White is on the roll.} Rf8 (20... Nd5 $142 21. Nxd5 Rxd5) 21. Nd6 Nc6 22. h4 Nd8 23. Bh3 Nf7 24. Nxf7 Qxf7 25. h5 (25. c3 $18) 25... Ne7 (25... Qe7 $16 26. Nxe6+ Bxe6 27. Qxe7+ Nxe7 28. Bxe6 Rbe8) 26. hxg6 hxg6 (26... Nxg6 {is a better defense.} 27. c3 Kh8) 27. c3 {Bg2 is the strong threat.} Nc6 $2 (27... Nd5) 28. Bg4 Rh8 29. cxd4 cxd4 {[#]} 30. b4 $1 {[%mdl 512]} Bd7 (30... Nxb4 31. Rxc8) 31. b5 axb5 32. axb5 Rh6 33. bxc6 Bxc6 {[#]} 34. Nxe6+ (34. Rxc6 $142 $1 bxc6 35. Nxe6+ Kg8 36. Qxh6 Re8 37. Nxd4 c5 38. Nf3 Qg7 39. Qc1) 34... Kh7 {[%csl Gc6][%cal Rh6h1] [#]} 35. f3 (35. Rxc6 $142 $1 bxc6 36. Kg2 Rh3 37. Kxh3 c5 38. Nxc5 Kg7 39. Ne6+ Kg8 40. Rc1 Qh7+ 41. Kg2 Qb7+ 42. Bf3) 35... Rh8 {White is clearly winning.} 36. Nxd4 Bd5 37. Qf6 Qxf6 38. exf6 Rf8 39. Rc7+ Kh8 40. Re1 {Precision: White = 46%, Black = 23%.} 1-0